<?xml version="1.0" encoding="UTF-8"?>
<marc:record xmlns:marc="http://www.loc.gov/MARC21/slim">
   <marc:leader>00000nam a2200000 a 4500</marc:leader>
   <marc:datafield ind1="1" ind2=" " tag="100">
      <marc:subfield code="a">Rauhaus, Martin</marc:subfield>
      <marc:subfield code="4">aut</marc:subfield>
      <marc:subfield code="e">Verfasser/-in</marc:subfield>
   </marc:datafield>
   <marc:datafield ind1="1" ind2=" " tag="100">
      <marc:subfield code="a">Kux, Jörn</marc:subfield>
      <marc:subfield code="4">aut</marc:subfield>
      <marc:subfield code="e">Verfasser/-in</marc:subfield>
   </marc:datafield>
   <marc:datafield ind1="1" ind2=" " tag="100">
      <marc:subfield code="a">Tukur, Ulrich</marc:subfield>
   </marc:datafield>
   <marc:datafield ind1="1" ind2=" " tag="100">
      <marc:subfield code="a">Jenkins, Julika</marc:subfield>
   </marc:datafield>
   <marc:datafield ind1="1" ind2=" " tag="100">
      <marc:subfield code="a">Goldammer, Giulia</marc:subfield>
   </marc:datafield>
   <marc:datafield ind1="1" ind2=" " tag="100">
      <marc:subfield code="a">Gedeck, Martina</marc:subfield>
   </marc:datafield>
   <marc:datafield ind1="1" ind2=" " tag="100">
      <marc:subfield code="a">Jordan, Peter</marc:subfield>
   </marc:datafield>
   <marc:datafield ind1="0" ind2="0" tag="245">
      <marc:subfield code="a">Und wer nimmt den Hund?</marc:subfield>
   </marc:datafield>
   <marc:datafield ind1="0" ind2="0" tag="245">
      <marc:subfield code="c">Schauspieler: Peter Jordan, Martina Gedeck, Giulia Goldammer, Julika Jenkins, Ulrich Tukur, Marcel Hensema, Angelika Thomas, Lucie Heinze; Kamera: Klaus Eichhammer; Drehbuch: Martin Rauhaus; Produktion: Heike Wiehle-Timm; Musik: Jörn Kux; Montage: Nicola </marc:subfield>
   </marc:datafield>
   <marc:datafield ind1=" " ind2="1" tag="264">
      <marc:subfield code="a">Potsdam</marc:subfield>
      <marc:subfield code="b">filmwerte GmbH</marc:subfield>
      <marc:subfield code="c">2022</marc:subfield>
   </marc:datafield>
   <marc:datafield ind1="1" ind2=" " tag="520">
      <marc:subfield code="a">Der Klassiker: Georg (Ulrich Tukur) verpasst seiner Ehe mit Doris (Martina Gedeck) den Todesstoß, als er eine Affäre mit seiner Doktorandin Laura (Lucie Heinze) beginnt. Bis dahin galten Doris und Georg als Abziehbild eines glücklichen Paares aus der Hamburger Mittelschicht. Nun stehen sie &#x96; nach mehr als einem Vierteljahrhundert Ehe &#x96; mit zwei Kindern, Haus und Hund vor dem Scherbenhaufen ihrer Beziehung.</marc:subfield>
   </marc:datafield>
   <marc:datafield ind1=" " ind2=" " tag="041">
      <marc:subfield code="a">ger</marc:subfield>
   </marc:datafield>
   <marc:datafield ind1=" " ind2=" " tag="300">
      <marc:subfield code="a">1 Online-Ressource (89 min), Bild: 16:9 HD</marc:subfield>
   </marc:datafield>
</marc:record>
